<?xml version="1.0" encoding="UTF-8"?>
<marc:record xmlns:marc="http://www.loc.gov/MARC21/slim">
   <marc:leader>00000nam a2200000 a 4500</marc:leader>
   <marc:datafield ind1="1" ind2=" " tag="100">
      <marc:subfield code="a">Kuhn, Krystyna</marc:subfield>
      <marc:subfield code="4">aut</marc:subfield>
      <marc:subfield code="e">Verfasser/-in</marc:subfield>
   </marc:datafield>
   <marc:datafield ind1="0" ind2="0" tag="245">
      <marc:subfield code="a">Das Spiel</marc:subfield>
   </marc:datafield>
   <marc:datafield ind1="0" ind2="0" tag="245">
      <marc:subfield code="c">Krystyna Kuhn</marc:subfield>
   </marc:datafield>
   <marc:datafield ind1=" " ind2="1" tag="264">
      <marc:subfield code="a">Würzburg</marc:subfield>
      <marc:subfield code="b">Arena</marc:subfield>
      <marc:subfield code="c">2010</marc:subfield>
   </marc:datafield>
   <marc:datafield ind1="1" ind2=" " tag="490">
      <marc:subfield code="a">¬Das¬ Tal - Season 1</marc:subfield>
      <marc:subfield code="v">1</marc:subfield>
   </marc:datafield>
   <marc:datafield ind1=" " ind2=" " tag="250">
      <marc:subfield code="a">1. Aufl.</marc:subfield>
   </marc:datafield>
   <marc:datafield ind1="1" ind2=" " tag="520">
      <marc:subfield code="a">Eine hippe Einweihungsparty im Bootshaus: So feiern die Freshmen ihre Ankunft im Solomon-College. Doch dann beobachtet der stille Robert das Unfassbare: Ein Mädchen läuft in tiefer Nacht in den See. Sie wird von einem merkwürdigen Strudel erfasst und ertrinkt. Robert versucht zu helfen - doch er hat keine Chance. Am nächsten Morgen glaubt ihm niemand seine Geschichte, obwohl tatsächlich ein Mädchen spurlos verschwunden ist. Aber Lisa kann nicht in den See gelaufen sein. Denn Lisa sitzt seit ihrer Geburt im Rollstuhl...</marc:subfield>
   </marc:datafield>
   <marc:datafield ind1=" " ind2=" " tag="020">
      <marc:subfield code="a">9783401064727</marc:subfield>
      <marc:subfield code="9">9783401064727</marc:subfield>
   </marc:datafield>
   <marc:datafield ind1=" " ind2=" " tag="020">
      <marc:subfield code="a">340106472X</marc:subfield>
      <marc:subfield code="9">340106472X</marc:subfield>
   </marc:datafield>
   <marc:datafield ind1="0" ind2=" " tag="490">
      <marc:subfield code="v">Bd. 1.</marc:subfield>
   </marc:datafield>
   <marc:datafield ind1=" " ind2=" " tag="300">
      <marc:subfield code="a">298 S.</marc:subfield>
   </marc:datafield>
</marc:record>
